QUEST Central Library Banner

Electromagnetic fields and relativistic partics (Record no. 12572)

MARC details
000 -LEADER
fixed length control field 00251nam a22001097a 4500
082 ## - DEWEY DECIMAL CLASSIFICATION NUMBER
Classification number 621.3KON
100 ## - MAIN ENTRY--AUTHOR NAME
Personal name Konopinsk
245 ## - TITLE STATEMENT
Title Electromagnetic fields and relativistic partics
260 ## - PUBLICATION, DISTRIBUTION, ETC. (IMPRINT)
Place of publication Tokiyo
Name of publisher McGraw Hill
Year of publication 1981
300 ## - PHYSICAL DESCRIPTION
Number of Pages 626
942 ## - ADDED ENTRY ELEMENTS (KOHA)
Koha item type Books
Holdings
Withdrawn status Lost status Home library Current library Date acquired Cost, normal purchase price Full call number Accession Number Koha item type
    Central Library, QUEST, Nawabshah Central Library, QUEST, Nawabshah 10/03/2015 497.25 621.3KON 8019 Books

Copyright © 2018,The QUEST, Nawabshah, Shaheed Benazirabad. All rights reserved
Mr. G. Farooq Channar (Librarian) QUEST, Nawabshah, Sindh, Pakistan 67480.
 Ph#: |   0244-9370381-4 Ext. 2308   Email| lib@quest.edu.pk   Web|  http://www.quest.edu.pk